Latrinae : Roman toilets in the northwestern provinces of the Roman Empire /

This volume presents a selection of papers and case studies on toilets and toilet-use in the Northwestern provinces of the Roman Empire. It is hoped this volume will promote and stimulate further research in this interesting research topic.

محفوظ في:

مؤلفون آخرون: Hoss, Stefanie (المحرر)

التنسيق: كتاب الكتروني

اللغة: English

منشور في: Summertown, Oxford : Archaeopress Publishing Ltd, 2018.

سلاسل: Archaeopress Roman archaeology ; 31.

الموضوعات:

الوصول للمادة أونلاين: Login to view Source

الوسوم: إضافة وسم

لا توجد وسوم, كن أول من يضع وسما على هذه التسجيلة!

رقم الطلب: DG97

LEADER 01787nam a2200397 i 4500
001 EDZ0001947109
003 StDuBDS
005 20230412182056.0
006 m|||||o||d||||||||
007 cr |||||||||||
008 171122r20182017enka fo 000|0|eng|d
020 |a 9781784917265 (ebook) :  |c No price 
040 |a StDuBDS  |b eng  |c StDuBDS  |e rda  |e pn 
050 4 |a DG97 
082 0 4 |a 392.360937  |2 23 
245 0 0 |a Latrinae :  |b Roman toilets in the northwestern provinces of the Roman Empire /  |c Stefanie Hoss. 
264 1 |a Summertown, Oxford :  |b Archaeopress Publishing Ltd,  |c 2018. 
300 |a 1 online resource (ii, 152 pages) :  |b illustrations (black and white, and colour). 
336 |a text  |2 rdacontent 
336 |a still image  |2 rdacontent 
337 |a computer  |2 rdamedia 
338 |a online resource  |2 rdacarrier 
490 1 |a Archaeopress Roman archaeology ;  |v 31 
500 |a Previously issued in print: 2017. 
520 8 |a This volume presents a selection of papers and case studies on toilets and toilet-use in the Northwestern provinces of the Roman Empire. It is hoped this volume will promote and stimulate further research in this interesting research topic. 
521 |a Specialized. 
588 |a Description based on online resource; title from home page (viewed on October 2, 2018). 
650 0 |a Toilets  |z Rome. 
650 0 |a Toilets  |z Europe, Western  |x History  |y To 1500. 
700 1 |a Hoss, Stefanie,  |e editor. 
776 0 8 |i Print version :  |z 9781784917258 
830 0 |a Archaeopress Roman archaeology ;  |v 31. 
856 4 0 |3 Archaeopress  |u http://library.arce.org:8087/Archaeopress/Products/9781784917258 
942 |2 lcc  |c EBOOK 
952 |0 0  |1 0  |4 0  |6 DG0097  |7 1  |9 46332  |a ARCH  |b ARCH  |d 2023-04-12  |l 0  |o DG97  |r 2023-04-12 00:00:00  |w 2023-04-12  |y EBOOK 
999 |c 51990  |d 51990